000 01267nam0a2200337 4500
001 RU\NLR\BIBL_A\012573488
005 20211011130216.0
010 _a978-5-389-19242-3
_95000
021 _aRU
_bКН-П-21-021809
_9КН-П-21-1697
035 _a(NLR Aleph) 012573488
090 _a12498854
_c12498854
100 _a20210802d2021 e y0rusy50 ca
101 1 _arus
_cita
102 _aRU
105 _ay z |000
181 0 _ai
_baxxe
182 0 _an
200 1 _aУбить короля
_e[роман]
_fСандроне Дациери
_gперевод с итальянского Любови Карцивадзе
203 _aТекст
_bвизуальный
_cнепосредственный
210 _aСанкт-Петербург [и др.]
_cАзбука [и др.]
_d2021
215 _a443, [5] с.
_d18
225 1 _aЗвезды мирового детектива
320 _aДр. кн. авт. на 2-й с.
333 _a16+
686 1 _aШ6(4Ит)67-446{Лх1609-60}
700 1 _7ca
_8rus
_aДациери
_bС.
_f1964-
_gСандроне
_9218948
_3RU\NLR\AUTH\770219004
942 _cBOOK
980 _aNB